| 000 | 00384nam a2200145Ia 4500 | ||
|---|---|---|---|
| 005 | 20250729165738.0 | ||
| 008 | 250729s2014 xx 000 0 und d | ||
| 041 | _aeng | ||
| 082 | _a372.21 CHAS | ||
| 100 |
_aDr.K .Chandran _9231977 |
||
| 245 | _astress and Well Begin in adolescents | ||
| 260 |
_aNew Delhi _bA P H PUBLISHING _c2014 |
||
| 300 | _a341p | ||
| 650 |
_aEducation _9231978 |
||
| 999 |
_c239552 _d239552 |
||